000 00678nam a2200193 4500
999 _c371991
_d371991
008 201207b ||||| |||| 00| 0 eng d
040 _bger
_cDE-2950
_erda
_aDE-2950
041 _ager
245 _aOrganisierte Freizeit:
_bFerien und Reisen mit KdF und FDGB /
_cHeike Wolter
264 _c2022
490 _aDie Mark Brandenburg
_vHeft 124: Geschichten vom Reisen in Brandenburg. 2022
653 _aBrandenburg <Land>
653 _aTourismus
773 _dBerlin: Die Mark Brandenburg - Verlag für Regional- und Zeitgeschichte
_g(2022) Heft 124, S. 40-43: Abb.
_tDie Mark Brandenburg
942 _cA